Onion Story or Real Story? III Quiz Stats

 Plays Quiz Updated Jan 31, 2015

Challenge
Share
Tweet
Embed
Score 0/20 Timer 04:00
1 Play Today
Headline O or R? % Correct
Indiana Man, 87, Busted With $2.9 Million Of Cocaine In Truck???
86.9%
Bearded Lady Reunites With Long-Lost Son???
83.4%
Dog Breeders Issue Massive Recall Of '07 Pugs???
83.1%
FDA Approves Salmonella???
82.3%
Shell Executives Accuse Oil-Covered Otter Of Playing It Up???
81.8%
Afterbirthers Demand To See Obama's Placenta???
78.8%
Special Olympics Bowler: I Can Beat The President???
73.6%
Small Town Holds Annual Gay Shame Parade???
73.3%
Thousands Seek That Special Someone In Shanghai???
69.5%
Congress Deadlocked Over How To Not Provide Health Care???
68.1%
Headline O or R? % Correct
Is That A Chupacabra Being Stuffed By A Taxidermist In Texas????
66.1%
Missouri Man Kills Local Favorite Albino Deer, Donates Meat???
63.6%
Clemens Files Defamation Lawsuit Against Steroids???
60.8%
That Muffin Didn't Cost Taxpayers $16 After All???
60.2%
One-Legged Man Escapes on Foot???
53.7%
Airline To Sell 'Cuddle Class' Seating???
50.6%
Executioner Says Job Not 'Complicated'???
49.9%
Local Authorities More Than Happy To Let FBI Take Over???
44.4%
Thousands Of Abandoned, Foreclosed Homes Threatened By Florida Hurricane???
38.8%
Local News Anchor Mistakenly Reveals Salary During Broadcast???
23%

You're not logged in!

Compare scores with friends on all Sporcle quizzes.
Join for Free
OR
Log In

You Might Also Like...

Show Comments

Extras

Top Quizzes Today


Score Distribution

Your Account Isn't Verified!

In order to create a playlist on Sporcle, you need to verify the email address you used during registration. Go to your Sporcle Settings to finish the process.

Report this User

Report this user for behavior that violates our Community Guidelines.

Details: